Renifery Świętego Mikołaja - nagła śmierć - Statystyki

Ogólne statystyki
  • Ten quiz został rozwiązany 1 828 razy
  • Średni wynik to 3 z 9
Answers on the Grid
Answers color-coded by a green-red scale on the quiz's grid according to % correct below.
Amorek
Bałwanek
Błyskawiczny
Bomber
Eros
Fircyk
Igluś
Kometek
Letniaczek
Lupin
Meteor
Profesorek
Pyszałek
Ronald
Rudolf
Skipper
Sprinter
Sven
Tancerz
Złośnik
 
Statystyki odpowiedzi
Odpowiedź % Poprawnych
Rudolf
78%
Amorek
44%
Kometek
40%
Błyskawiczny
33%
Fircyk
33%
Pyszałek
33%
Złośnik
29%
Profesorek
26%
Tancerz
23%
Nie znaleziono quizów pasujących do podanych kryteriów
Rozkład punktacji
Procent ludzi z każdym wynikiem
Percentyl według liczby udzielonych odpowiedzi
Twoja historia wyników
Nie rozwiązałeś tego quizu